| 000 | 00720nam a22002297a 4500 | ||
|---|---|---|---|
| 005 | 20170124105946.0 | ||
| 010 | _aA-318356 | ||
| 020 | _c140.00 | ||
| 035 | _aA-318356 | ||
| 037 | _bCen Lib/Ret | ||
| 040 |
_aDPL _bEN |
||
| 082 |
_a201 _bPRA |
||
| 100 |
_aPrasad, Sajiwan _912349 |
||
| 245 |
_aReligion and reason / _cby Sajiwan Prasad |
||
| 260 |
_aNew Delhi _bEastern Book Linkers |
||
| 270 |
_a5825, New Chandrawal, Jawahar Nagar _bNew Delhi _e110007 |
||
| 300 |
_axvi,216p. _c21cm(Hb) |
||
| 500 | _aIncludes bibliographic references and index | ||
| 650 |
_aPhilosophy and religion _912350 |
||
| 650 |
_aPhilosophy and religion--History of doctrines _912351 |
||
| 942 |
_2ddc _cEN _h201 _mPRA |
||
| 999 |
_c124908 _d124908 |
||